00490nam a2200205Ia 4500008004100000020001800041100001600059245003800075245001900113260001500132260002000147260000900167300002700176300002700203300001000230650001300240650001000253650001300263700000800276160803s9999 xx 000 0 und d a9780590430128 aLionni, Leo aAlexander and the wind-up mouse / cby Leo Lionni. aNew York : bScholastic Inc. c1969 a32 unnumbered pages :  bcolor illustrations ;  c23 cm aMice --  aMice. xFiction. a490